|
|
|
|
| LEADER |
00937nem a2200301 a 4500 |
| 001 |
000009478 |
| 003 |
CZ BrMZK |
| 005 |
19941109143423.0 |
| 007 |
a c |
| 008 |
941007s1994 xr XX 1 cze d |
| 015 |
|
|
|a cnb000100307
|
| 020 |
|
|
|a 80-7177-072-8
|c 40.00
|
| 040 |
|
|
|a BOA001
|b cze
|
| 080 |
|
|
|a 912(437.233)
|2 MRF
|
| 245 |
0 |
0 |
|a Prostějov :
|b Plán města
|h [kartografický dokument]
|
| 250 |
|
|
|a 1. vyd.
|
| 260 |
|
|
|a Plzeň :
|b Euroverlag,
|c [1994]
|
| 300 |
|
|
|a 1 list :
|b 31 x 51 cm
|
| 500 |
|
|
|a Podnáz. též něm., angl.
|
| 500 |
|
|
|a Barev. slož. pl. s vysvětl. a doplň. mp.
|
| 500 |
|
|
|a Na rubu sezn. ulic.
|
| 653 |
0 |
|
|a Prostějov (Česko)
|
| 910 |
|
|
|a BOA001
|b Skř.9A-1002.491
|
| 962 |
|
|
|a 912(437.2)
|
| 964 |
|
|
|a Prostějov
|x plány
|
| 967 |
|
|
|a Prostějov
|b Prostějov
|c cz-ms
|
| 990 |
|
|
|a MP
|
| 996 |
6 |
|
|b 2610013044
|c Skř.9A-1002.491
|l MZK
|r Sklad / do 24 hodin
|n 3
|p p.v.
|w 000009478
|u 000010
|a 1
|e BOA001
|j MZK50
|s P
|